Catálogo
 En Linea

La televisión y la opinión pública : (Registro nro. 25967)

Detalles MARC
000 -CABECERA
campo de control de longitud fija 01285nam a2200289 a 4500
001 - NÚMERO DE CONTROL
campo de control 000026475
005 - FECHA Y HORA DE LA ÚLTIMA TRANSACCIÓN
campo de control 20200930030238.0
008 - DATOS DE LONGITUD FIJA--INFORMACIÓN GENERAL
campo de control de longitud fija 110321s1993 mx a r 000 0 spa d
020 ## - NÚMERO INTERNACIONAL ESTÁNDAR DEL LIBRO
Número Internacional Estándar del Libro 0226388565
040 ## - FUENTE DE LA CATALOGACIÓN
Centro catalogador/agencia de origen DO-SdBNP
Lengua de catalogación spa
Centro/agencia transcriptor BNPHU
041 17 - CÓDIGO DE LENGUA
Código de lengua del texto/banda sonora o título independiente spa
Código de lengua original eng
082 ## - NÚMERO DE LA CLASIFICACIÓN DECIMAL DEWEY
Número de clasificación xxx
Número de documento/Ítem L984t
049 ## - FONDOS LOCALES (OCLC)
Fondos de biblioteca BNGR
100 1# - ENTRADA PRINCIPAL--NOMBRE DE PERSONA
Nombre de persona Lyengar, Shanto,
9 (RLIN) 53539
240 10 - TÍTULO UNIFORME
Título uniforme News that matters. Television and American opinion.
Lenguaje de la obra Español.
245 10 - MENCIÓN DE TÍTULO
Título La televisión y la opinión pública :
Resto del título la información es poder /
Mención de responsabilidad, etc. Shanto Iyengar y Donald R. Kinder ; traducción del inglés Elsa Ruth Martínez Conde ; cuidado de la edición María Elsa López Paniagua.
260 ## - PUBLICACIÓN, DISTRIBUCIÓN, ETC.
Lugar de publicación, distribución, etc. México, D. F. :
Nombre del editor, distribuidor, etc. Gernika,
Fecha de publicación, distribución, etc. 1993.
300 ## - DESCRIPCIÓN FÍSICA
Extensión 275, [2] p. :
Otras características físicas il. ;
Dimensiones 22 cm.
490 1# - MENCIÓN DE SERIE
Mención de serie Periodismo
Designación de volumen o secuencia 17
504 ## - NOTA DE BIBLIOGRAFÍA, ETC.
Nota de bibliografía, etc. Incluye referencias bibliográficas y notas al pie de las páginas
500 ## - NOTA GENERAL
Nota general Incluye apéndice B fuentes de los datos, especificación de los modelos y procedimientos para las estimaciones (p. 217-245)
534 ## - NOTA SOBRE LA VERSIÓN ORIGINAL
Encabezamiento principal del original Título del original en inglés:
Mención de título del original News that matters. Television and American opinion.
700 1# - PUNTO DE ACCESO ADICIONAL--NOMBRE DE PERSONA
Nombre de persona Kinder, Donald R.
9 (RLIN) 53540
700 1# - PUNTO DE ACCESO ADICIONAL--NOMBRE DE PERSONA
Nombre de persona López Paniagua, María Elsa
Término indicativo de función/relación ed.
9 (RLIN) 44716
700 1# - PUNTO DE ACCESO ADICIONAL--NOMBRE DE PERSONA
Nombre de persona Martínez Conde, Elsa Ruth
Término indicativo de función/relación tr.
9 (RLIN) 53541
830 #0 - PUNTO DE ACCESO ADICIONAL DE SERIE-TÍTULO UNIFORME
Título uniforme Periodismo ;
Designación de volumen o secuencia 17
9 (RLIN) 49873
Existencias
Estado de retiro Estado de pérdida Restricciones de uso No para préstamo Código de colección Localización permanente Ubicación/localización actual Ubicación en estantería Fecha de adquisición Número de inventario Total de préstamos Signatura topográfica completa Código de barras Fecha visto por última vez Precio válido a partir de Tipo de ítem Koha
        Monografías: Libros y Folletos General General En catalogación 21.03.2011 LF1   xxx L984t 26475-10 25.06.2020 25.06.2020 Préstamo en sala

Con tecnología Koha